00345nam a22001337a 4500003000700000005001700007008004100024082001800065100002300083245004600106260002800152300000800180650002300188MPLRDC20220104144112.0210129b ||||| |||| 00| 0 eng d a062.321 ZSZQ  a郑氏宗亲会编 a郑成功复台三百周年纪念专辑c ab郑氏宗亲会c1961 b平 a中国普通会社